=LDR 00000nam 2200000 4500 =001 INLIS000000000049211 =005 20221223075614 =035 ##$$a 0010-021700000000003 =008 221223################g##########0#ind## =020 ##$$a 978-602-1130-50-6 =040 ##$$a NBPDMAT =082 ##$$a R 297.430 103 =090 ##$$a R.297.430 103 $bEns e =245 ##$$a Ensiklopedia keluarga bahagia jilid 5 : $b Membangun keluarga penuh berkah /$c Penyunting Endang Maryuni, SS., Erlina Zachi S.S. =250 ##$$a Cet. 1 =260 ##$$a Solo :$b Ziyad Books,$c 2015 =300 ##$$a 420 : $b ilus. ; $c 28 x 20 cm. =650 #4$$a Filosofi Perkawinan =700 #$$a Endang Maryuni =700 #$$a Erlina Zachi S.S. =850 ##$$a NBPDMAT =084 ##$$a R 297.430 103 ENS e =504 ##$$a Bibliografi hlm. 419-420 =990 ##$$a 21602792 =990 ##$$a 21602798 =990 ##$$a 21602805 =990 ##$$a 21602806 =990 ##$$a 21602809 =990 ##$$a 21602811 =990 ##$$a 21602812 =990 ##$$a 21602813 =990 ##$$a 21602814 =990 ##$$a 21602815